Brain ticklers in general knowledge (Record no. 152946)

MARC details
000 -LEADER
fixed length control field 00620nam a22001937a 4500
005 - DATE AND TIME OF LATEST TRANSACTION
control field 20180704172741.0
010 ## - LCCN (DPL NO)
LC control number B-270366
020 ## - INTERNATIONAL STANDARD BOOK NUMBER
International Standard Book Number 8183820921
035 ## - SYSTEM CONTROL NUMBER
System control number B-270366
037 ## - SOURCE OF ACQUISITION
Source of stock number/acquisition Lotus Press
082 ## - DEWEY DECIMAL CLASSIFICATION NUMBER
Classification number 000
100 ## - MAIN ENTRY--PERSONAL NAME
Personal name Sehgal,Priya
245 ## - TITLE STATEMENT
Title Brain ticklers in general knowledge
Statement of responsibility, etc Priya Sehgal,
260 ## - PUBLICATION, DISTRIBUTION, ETC. (IMPRINT)
Place of publication, distribution, etc New Delhi
Name of publisher, distributor, etc Lotus Press
Date of publication, distribution, etc 2006
270 ## - ADDRESS
Address 4263/3,Ansari Road,Darya Ganj,New Delhi-110002
City New Delhi
Postal code 110002
300 ## - PHYSICAL DESCRIPTION
Extent 239p.
Dimensions 22cm(hb)
942 ## - ADDED ENTRY ELEMENTS (KOHA)
Source of classification or shelving scheme Dewey Decimal Classification
Item type English Books
Classification part 000
Call number suffix SEH
Holdings
Withdrawn status Lost status Not for loan Collection code Home library Current library Date acquired Full call number Koha item type
      Non-fiction Sarojini Nagar Sarojini Nagar 01/07/2018 000 SEH English Books

© Delhi Public Library
Hit Counter
free hit counter